Planeación ambiental para la conservación de la biodiversidad en las áreas operativas de Ecopetrol en el Magdalena Medio y los Llanos Orientales de Colombia (Registro nro. 7420)

Detalles MARC
000 -CABECERA
Campo de control 01404nam a2200277 a 4500
005 - FECHA Y HORA DE LA ULTIMA TRANSACCION
Campo de control 20200104041617.0
008 - ELEMENTOS DE LONGITUD FIJA—INFORMACION GENERAL
Campo de control 110302s2010 ck ab frb 000 0 spa d
020 ## - ISBN
ISBN 9789588343457
040 ## - FUENTE DE CATALOGACIÓN
Agencia catalogadora original CO-BoIAVH
Agencia transcriptora CO-BoIAVH
041 ## - IDIOMA
Código de idioma para texto/pista de sonido o título separado Español
044 ## - PAÍS DE PUBLICACIÓN
País de publicación Colombia
082 04 - NUMERO DE CLASIFICACION DECIMAL DEWEY
Número de clasificación 333.72
Número del ítem C833p2
245 00 - MENCION DE TITULO
Título Planeación ambiental para la conservación de la biodiversidad en las áreas operativas de Ecopetrol en el Magdalena Medio y los Llanos Orientales de Colombia
Mención de responsabilidad Germán Corzo Mora ... [et al.]
260 ## - PUBLICACION, DISTRIBUCION, ETC. (PIE DE IMPRENTA)
Lugar de publicación, distribución, etc. Bogotá
Nombre del editor, distribuidor, etc. Ecopetrol
-- Instituto de Investigación de Recursos Biolgicos Alexander von Humboldt
Fecha de publicación, distribución, etc. 2010
300 ## - DESCRIPCION FISICA
Extensión 30 p.
Otros detalles físicos il., mapas
Dimensiones 28 cm.
500 ## - NOTA GENERAL
Nota general Corresponde a los resultados del primer objetivo del proyecto, que refiere a la identificación de áreas para la conservación de la biodiversidad.
504 ## - NOTA DE BIBLIOGRAFIA, ETC.
Nota de bibliografía Incluye referencias bibliográficas y glosario
650 17 - ASIENTO SECUNDARIO DE MATERIA - TERMINO TEMATICO
Término temático o nombre geográfico como elemento de entrada Conservación del medio ambiente
Subdivisión geográfica Magdalena Medio (Colombia)
9 (RLIN) 40221
650 17 - ASIENTO SECUNDARIO DE MATERIA - TERMINO TEMATICO
Término temático o nombre geográfico como elemento de entrada Conservación del medio ambiente
Subdivisión geográfica Llanos Orientales (Colombia)
9 (RLIN) 40222
650 17 - ASIENTO SECUNDARIO DE MATERIA - TERMINO TEMATICO
Término temático o nombre geográfico como elemento de entrada Diversidad biológica
Subdivisión geográfica Magdalena Medio (Colombia)
9 (RLIN) 40223
650 17 - ASIENTO SECUNDARIO DE MATERIA - TERMINO TEMATICO
Término temático o nombre geográfico como elemento de entrada Diversidad biológica
Subdivisión geográfica Llanos Orientales (Colombia)
9 (RLIN) 40224
700 1# - ASIENTO SECUNDARIO - NOMBRE PERSONAL
Nombre personal Corzo, Germán
9 (RLIN) 40225
710 2# - ASIENTO SECUNDARIO - NOMBRE CORPORATIVO
Nombre corporativo o de jurisdicción como elemento de entrada Empresa Colombiana de Petróleos
9 (RLIN) 779
710 2# - ASIENTO SECUNDARIO - NOMBRE CORPORATIVO
Nombre corporativo o de jurisdicción como elemento de entrada Instituto de Investigación de Recursos Biológicos Alexander von Humboldt
9 (RLIN) 204
942 ## - ELEMENTOS ADICIONALES (KOHA)
Sistema de clasificación Dewey Decimal Classification
Tipo de ítem Folleto
Existencias
Withdrawn status Lost status Sistema de Clasificación Damaged status No para préstamo Colección Inventariado Ubicación Permanente Ubicación actual Fecha de adquisición Fuente de Valor Valor Total Checkouts Número topográfico Inventario / Código de Barras Date last seen Date checked out Ejemplar Price effective from Forma de adquisición Tipo de material
    Dewey Decimal Classification     Humboldt Inventariado 2017 Bogotá Bogotá 23/07/2013 Instituto 39000.00 1 IAVH 333.72 C833p2 058272 27/02/2014 27/02/2014 Ej. 2 23/07/2013 Institucional Libro
    Dewey Decimal Classification     Humboldt Inventariado 2017 Bogotá Bogotá 29/09/2015       IAVH-333.72 C833p2 028334 29/09/2015   Ej. 1 29/09/2015 Institucional Folleto
    Dewey Decimal Classification     Humboldt Inventariado 2017 Sala Fabio Quevedo Sala Fabio Quevedo 29/09/2015       IAVH-333.72 C833p2 028329 29/09/2015   Ej. 2 29/09/2015 Institucional Folleto